Convención Internacional para la protección de todas las personas contra las desapariciones forzadas

La Convención Internacional para la Protección de Todas las Personas contra las Desapariciones Forzadas es un tratado de la ONU jurídicamente vinculante que busca prevenir este crimen, establecer la verdad y garantizar justicia, verdad y reparación a las víctimas y sus familiares. La Convención proh...

Descripción completa

Detalles Bibliográficos
Autor Corporativo: Naciones Unidas
Formato: Recurso en linea
Lenguaje:español
Acceso en línea:Acceso electrónico al documento

MARC

LEADER 00000cab a2200000 a 4500
001 041041
003 UAHC_CL
005 20250912194618.0
008 250912s2006sl 000 ||spa d
040 |a UAHC_CL  |c UAHC_CL  |d UAHC_CL 
110 |a Naciones Unidas  |9 6026 
245 1 0 |a Convención Internacional para la protección de todas las personas contra las desapariciones forzadas  |c Naciones Unidas. 
264 |c 2006. 
300 |a 32 páginas 
500 |a SitIo visitado https://www.ohchr.org/es/instruments-mechanisms/instruments/international-convention-protection-all-persons-enforced el 12 de septiembre de 2025. 
520 |a La Convención Internacional para la Protección de Todas las Personas contra las Desapariciones Forzadas es un tratado de la ONU jurídicamente vinculante que busca prevenir este crimen, establecer la verdad y garantizar justicia, verdad y reparación a las víctimas y sus familiares. La Convención prohíbe las desapariciones forzadas, incluso en estados de guerra o emergencia, exige que los Estados las tipifiquen como delito penal, y establece el derecho de las víctimas a la justicia, la verdad y la reparación.  
856 |y Acceso electrónico al documento  |u https://www.ohchr.org/es/instruments-mechanisms/instruments/international-convention-protection-all-persons-enforced 
942 |c RL 
952 |0 0  |1 0  |4 0  |6 RECURSO_ELECTRÓNICO  |7 0  |8 COMP  |9 101313  |a BR  |b BR  |c Digital  |d 2025-09-12  |l 0  |o Recurso electrónico  |r 2025-09-12 19:46:49  |w 2025-09-12  |y RL  |B DER 
999 |c 63035  |d 63035